Tribhuvan University Central Library

आदिवासी माझीहरुको प्रथाजनित मझेसाबा स्वशासन पद्धति / (Record no. 115690)

MARC details
000 -LEADER
fixed length control field 00847nam a22001817a 4500
008 - FIXED-LENGTH DATA ELEMENTS--GENERAL INFORMATION
fixed length control field 240726b |||||||| |||| 00| 0 eng d
020 ## - INTERNATIONAL STANDARD BOOK NUMBER
International Standard Book Number 9789937954853
082 ## - DEWEY DECIMAL CLASSIFICATION NUMBER
Edition number 23rd
Classification number N305.8
Item number M541a
100 ## - MAIN ENTRY--PERSONAL NAME
Personal name Majhi, Chinimaya
241 ## - ROMANIZED TITLE (BK AM CF MP MU VM)
Romanized title Aadivasi Majhiharuko prathajanit majhesaba svashasan paddhiti
245 ## - TITLE STATEMENT
Title आदिवासी माझीहरुको प्रथाजनित मझेसाबा स्वशासन पद्धति /
Statement of responsibility, etc. चिनीमाया माझी र अनिता माझी.-
260 ## - PUBLICATION, DISTRIBUTION, ETC.
Place of publication, distribution, etc. ललितपुरः
Name of publisher, distributor, etc. आदिवासी जनजाति उत्थान राष्ट्रिय प्रतिष्ठान,
Date of publication, distribution, etc. २०७९वि.
300 ## - PHYSICAL DESCRIPTION
Extent 123p.
650 ## - SUBJECT ADDED ENTRY--TOPICAL TERM
Topical term or geographic name entry element Ethnic groups
700 ## - ADDED ENTRY--PERSONAL NAME
Personal name Majhi, Anita
700 ## - ADDED ENTRY--PERSONAL NAME
Personal name Gurung, Sarina (ed.)
942 ## - ADDED ENTRY ELEMENTS (KOHA)
Source of classification or shelving scheme Dewey Decimal Classification
Koha item type ISBN
Holdings
Withdrawn status Lost status Source of classification or shelving scheme Damaged status Not for loan Home library Current library Date acquired Total Checkouts Full call number Barcode Date last seen Price effective from Koha item type Shelving location
    Dewey Decimal Classification     Tribhuvan University Central Library Tribhuvan University Central Library 07/26/2024   N305.8 M541a IS31834 07/26/2024 07/26/2024 ISBN  
    Dewey Decimal Classification     Tribhuvan University Central Library Tribhuvan University Central Library 07/26/2024   N305.8 M541a IS31835 07/26/2024 07/26/2024 ISBN  
    Dewey Decimal Classification     Tribhuvan University Central Library Tribhuvan University Central Library 09/05/2024   N305.8 M541a G93916 09/05/2024 09/05/2024 General Collections New Building
    Dewey Decimal Classification     Tribhuvan University Central Library Tribhuvan University Central Library 09/05/2024   N305.8 M541a G93917 09/05/2024 09/05/2024 General Collections New Building